[Event "World Team Championship"]
[Site "Ningbo CHN"]
[Date "2011.07.25"]
[Round "8"]
[White "Kamsky, Gata"]
[Black "Ivanchuk, Vassily"]
[Result "1/2-1/2"]
[WhiteElo "2741"]
[BlackElo "2768"]
[PlyCount "133"]
[EventDate "2011.07.17"]

1. e4 e5 2. Nf3 Nc6 3. Bb5 a6 4. Ba4 Nf6 5. O-O Be7 6. d3 d6 7. c3 O-O 8. Re1
b5 9. Bc2 d5 10. Nbd2 dxe4 11. dxe4 Be6 12. a4 b4 13. Qe2 Qc8 14. Nc4 Nd7 15.
Ng5 Bxg5 16. Bxg5 Nb6 17. Nd2 bxc3 18. bxc3 Na5 19. Be3 Qd7 20. f4 f6 21. f5
Bf7 22. g4 Qc6 23. g5 Kh8 24. Bd3 Rfd8 25. Bxa6 Rxa6 26. Qxa6 Nac4 27. Qb5 Qxb5
28. axb5 Nxe3 29. Rxe3 Rxd2 30. gxf6 gxf6 31. Ra7 Rd7 32. Rg3 h5 33. Rb7 Kh7
34. h4 Bc4 35. Rb8 Bxb5 36. Rg6 Re7 37. Kf2 Bc4 38. Rd8 Nd7 39. Ke3 Bf7 40. Rg1
Nb6 41. Ra1 Be8 42. Rg1 Nc4+ 43. Kf3 Nd6 44. Ke3 Bb5 45. Rgg8 Nf7 46. Rb8 Bc6
47. Rgc8 Rd7 48. Re8 Ba4 49. c4 Bd1 50. c5 Nh6 51. Kf2 c6 52. Red8 Ng4+ 53. Kg3
Rxd8 54. Rxd8 Bc2 55. Rd7+ Kg8 56. Kf3 Kf8 57. Rc7 Bd1+ 58. Kg3 Ba4 59. Rc8+
Kg7 60. Rc7+ Kh6 61. Rf7 Bc2 62. Kf3 Bb3 63. Rc7 Ba4 64. Rf7 Bb5 65. Rd7 Nh2+
66. Kg3 Ng4 67. Kf3 1/2-1/2

[Event "World Team Championship"]
[Site "Ningbo CHN"]
[Date "2011.07.25"]
[Round "8"]
[White "Efimenko, Zahar"]
[Black "Onischuk, Alexander"]
[Result "1/2-1/2"]
[WhiteElo "2706"]
[BlackElo "2675"]
[PlyCount "115"]
[EventDate "2011.07.17"]

1. e4 e5 2. Nf3 Nc6 3. Bb5 a6 4. Ba4 Nf6 5. d3 b5 6. Bb3 Be7 7. a4 Rb8 8. O-O
O-O 9. Re1 d6 10. c3 b4 11. Nbd2 Na5 12. Ba2 c5 13. d4 Qc7 14. dxe5 dxe5 15.
Nc4 Rd8 16. Qe2 b3 17. Nxa5 bxa2 18. Nc4 Be6 19. Nfd2 Nd7 20. b3 Nb6 21. Ne3 c4
22. Ndxc4 Bc5 23. Qxa2 Nxc4 24. Nxc4 Qb7 25. Nxe5 Qxb3 26. Qxb3 Rxb3 27. Be3
Rxc3 28. Bxc5 Rxc5 29. Red1 Rxd1+ 30. Rxd1 g5 31. Nd3 Rc4 32. f3 Rxa4 33. Nc5
Ra5 34. Nxe6 fxe6 35. Rd7 h5 36. Re7 Re5 37. Kf2 h4 38. g3 Kf8 39. Rh7 hxg3+
40. Kxg3 a5 41. Ra7 Ke8 42. Kg4 Kd8 43. Kh5 Kc8 44. Kg6 Kb8 45. Rd7 a4 46. Rd3
Ra5 47. Ra3 Kc7 48. Kf6 Kd6 49. Rd3+ Kc7 50. Kxe6 a3 51. Rd1 a2 52. Ra1 Kd8 53.
Kf6 Ke8 54. e5 Kf8 55. Kxg5 Rxe5+ 56. Kf6 Ra5 57. f4 Ra6+ 58. Ke5 1/2-1/2

[Event "World Team Championship"]
[Site "Ningbo CHN"]
[Date "2011.07.25"]
[Round "8"]
[White "Seirawan, Yasser"]
[Black "Moiseenko, Alexander"]
[Result "1/2-1/2"]
[WhiteElo "2635"]
[BlackElo "2715"]
[PlyCount "134"]
[EventDate "2011.07.17"]

1. d4 Nf6 2. c4 e6 3. Nc3 Bb4 4. Qc2 d5 5. cxd5 exd5 6. Bg5 c5 7. dxc5 h6 8.
Bh4 g5 9. Bg3 Ne4 10. O-O-O Bxc3 11. f3 Bd2+ 12. Rxd2 Nxd2 13. Qxd2 Nc6 14. h4
g4 15. e3 Qa5 16. Qxa5 Nxa5 17. Ne2 gxf3 18. gxf3 Nc6 19. Nc3 Be6 20. e4 O-O-O
21. Nb5 dxe4 22. fxe4 Rdg8 23. Nd6+ Kd7 24. Be1 Rg6 25. Nxb7 Rhg8 26. Bb5 Rg1
27. Rxg1 Rxg1 28. Kd2 Kc7 29. Nd6 Bxa2 30. Ne8+ Kd7 31. Nf6+ Ke6 32. Bxc6 Kxf6
33. Bf2 Rb1 34. Kc2 Ke7 35. Bb7 Rh1 36. Bg3 Rh3 37. Bb8 Bb3+ 38. Kd2 a5 39. c6
Rxh4 40. e5 Bd5 41. Bd6+ Ke8 42. Kd3 a4 43. Ba8 Bh1 44. Bc5 h5 45. Bf2 Rh2 46.
Bd4 h4 47. Kc4 h3 48. Bc3 Bg2 49. Kc5 a3 50. e6 fxe6 51. Kd6 Bxc6 52. Bxc6+ Kf7
53. bxa3 Rc2 54. Be5 h2 55. Bb7 Rd2+ 56. Kc5 Kg6 57. a4 Kf5 58. Bxh2 Rxh2 59.
a5 Ra2 60. a6 Ke5 61. Kc6 Kd4 62. Kb6 Rb2+ 63. Kc7 Ra2 64. Kb8 e5 65. a7 e4 66.
Bxe4 Rxa7 67. Kxa7 Kxe4 1/2-1/2

[Event "World Team Championship"]
[Site "Ningbo CHN"]
[Date "2011.07.25"]
[Round "8"]
[White "Gashimov, Vugar"]
[Black "Movsesian, Sergei"]
[Result "1/2-1/2"]
[WhiteElo "2760"]
[BlackElo "2700"]
[PlyCount "61"]
[EventDate "2011.07.17"]

1. e4 c5 2. Nc3 e6 3. Nf3 Nc6 4. d4 cxd4 5. Nxd4 Qc7 6. Be3 a6 7. Qd2 Nf6 8.
O-O-O Be7 9. f3 O-O 10. g4 b5 11. g5 Nh5 12. Rg1 Nxd4 13. Qxd4 Rd8 14. Ne2 Bb7
15. Qb6 Qb8 16. Ng3 Nxg3 17. hxg3 d5 18. exd5 Rxd5 19. Rxd5 Bxd5 20. f4 Qxb6
21. Bxb6 Rc8 22. a3 f6 23. gxf6 Bxf6 24. Be3 h5 25. Be2 g6 26. Rd1 Kf7 27. c3
Rh8 28. Rg1 Rd8 29. Rd1 Rh8 30. Rg1 Rd8 31. Rd1 1/2-1/2

[Event "World Team Championship"]
[Site "Ningbo CHN"]
[Date "2011.07.25"]
[Round "8"]
[White "Mamedyarov, Shakhriyar"]
[Black "Sargissian, Gabriel"]
[Result "1-0"]
[WhiteElo "2765"]
[BlackElo "2663"]
[PlyCount "89"]
[EventDate "2011.07.17"]

1. d4 d5 2. c4 e6 3. Nc3 Be7 4. Bf4 Nf6 5. e3 O-O 6. a3 b6 7. g4 Bb7 8. Bg2
Nbd7 9. h4 Ne4 10. Nge2 Nxc3 11. Nxc3 c5 12. g5 b5 13. cxd5 b4 14. axb4 cxb4
15. Nb5 Qb6 16. Nc7 Rac8 17. O-O e5 18. dxe5 Rxc7 19. d6 Bxg2 20. Kxg2 Bxd6 21.
exd6 Rc5 22. Rc1 Rxc1 23. Qxc1 Qb7+ 24. f3 Rc8 25. Qd2 a5 26. Ra1 Qb5 27. b3
Rc3 28. Qa2 h5 29. Kg3 Rc5 30. Qd2 Rc3 31. Rc1 Rxb3 32. Rc8+ Kh7 33. Qc2+ Qd3
34. Qxd3+ Rxd3 35. Rc7 Nb6 36. Be5 Kg6 37. Bd4 b3 38. Rb7 Nd7 39. Rxd7 a4 40.
Rb7 a3 41. d7 Rxd4 42. exd4 a2 43. d8=Q a1=Q 44. Qb6+ Kh7 45. d5 1-0

[Event "World Team Championship"]
[Site "Ningbo CHN"]
[Date "2011.07.25"]
[Round "8"]
[White "Amin, Bassem"]
[Black "Leko, Peter"]
[Result "1/2-1/2"]
[WhiteElo "2609"]
[BlackElo "2717"]
[PlyCount "61"]
[EventDate "2011.07.17"]

1. e4 e5 2. Nf3 Nc6 3. Bb5 a6 4. Ba4 Nf6 5. O-O Be7 6. Re1 b5 7. Bb3 O-O 8. d4
Nxd4 9. Bxf7+ Rxf7 10. Nxe5 Rf8 11. Qxd4 Bb7 12. Nc3 c5 13. Qd1 b4 14. Nd5 Nxd5
15. exd5 Bd6 16. f4 Bxe5 17. fxe5 Qh4 18. Be3 Qc4 19. b3 Qxd5 20. Qxd5+ Bxd5
21. Red1 Be6 22. Bxc5 Rfc8 23. Bxb4 Rxc2 24. Rd2 Rxd2 25. Bxd2 Rc8 26. Rc1
Rxc1+ 27. Bxc1 Kf7 28. Kf2 Bd5 29. g3 Ke6 30. Ke3 d6 31. exd6 1/2-1/2

[Event "World Team Championship"]
[Site "Ningbo CHN"]
[Date "2011.07.25"]
[Round "8"]
[White "Almasi, Zoltan"]
[Black "El Gindy, Essam"]
[Result "1-0"]
[WhiteElo "2726"]
[BlackElo "2510"]
[PlyCount "81"]
[EventDate "2011.07.17"]

1. e4 c5 2. Nf3 d6 3. d4 cxd4 4. Nxd4 Nf6 5. Nc3 Nc6 6. Bg5 e6 7. Qd2 Be7 8.
O-O-O O-O 9. f4 h6 10. Bh4 a6 11. Nxc6 bxc6 12. e5 dxe5 13. Qxd8 Bxd8 14. fxe5
Nd7 15. Bxd8 Rxd8 16. Bd3 Bb7 17. Rhe1 Kf8 18. Na4 Ke7 19. a3 a5 20. Re3 c5 21.
Bb5 Nf8 22. Rxd8 Rxd8 23. g3 Ng6 24. Nxc5 Rd5 25. b4 Bc8 26. c4 Rxe5 27. Kd2
Rxe3 28. Kxe3 axb4 29. axb4 e5 30. Nd3 f5 31. c5 e4 32. Nf4 Ne5 33. Be2 g5 34.
Nd5+ Ke6 35. Nb6 Bb7 36. b5 Bd5 37. Kd4 Bb7 38. Nc4 Nf7 39. c6 Bc8 40. b6 Nd8
41. Kc5 1-0

[Event "World Team Championship"]
[Site "Ningbo CHN"]
[Date "2011.07.25"]
[Round "8"]
[White "Sasikiran, Krishnan"]
[Black "Wang Yue"]
[Result "0-1"]
[WhiteElo "2681"]
[BlackElo "2709"]
[PlyCount "94"]
[EventDate "2011.07.17"]

1. d4 d5 2. c4 c6 3. Nf3 Nf6 4. Nc3 dxc4 5. a4 Bf5 6. e3 e6 7. Bxc4 Nbd7 8. O-O
Bb4 9. Qe2 Bg6 10. e4 O-O 11. Bd3 Bh5 12. e5 Nd5 13. Nxd5 cxd5 14. Qe3 Be7 15.
Bd2 Nb8 16. Ne1 Bg6 17. f4 Nc6 18. g4 f5 19. exf6 Bxf6 20. Bc3 Qe8 21. h3 Bd8
22. Rd1 Bc7 23. Rd2 Qf7 24. Rdf2 Rae8 25. b4 Bd6 26. b5 Ne7 27. Bd2 Kh8 28. Qe2
Ng8 29. Nf3 Bxd3 30. Qxd3 Nf6 31. Ng5 Qg8 32. Rg2 h6 33. h4 Re7 34. f5 exf5 35.
gxf5 Ne4 36. Nxe4 dxe4 37. Qh3 e3 38. Bxe3 Qb3 39. f6 gxf6 40. Re2 Rg7+ 41. Rg2
Rxg2+ 42. Kxg2 Qc2+ 43. Kf3 Re8 44. Re1 Qe4+ 45. Kf2 Bf4 46. d5 Qc2+ 47. Re2
Rxe3 0-1

[Event "44th Biel Chess Festival"]
[Site "Biel SUI"]
[Date "2011.07.25"]
[Round "6"]
[White "Vachier-Lagrave, Maxime"]
[Black "Caruana, Fabiano"]
[Result "1/2-1/2"]
[WhiteElo "2722"]
[BlackElo "2711"]
[PlyCount "67"]
[EventDate "2011.07.18"]

1. Nf3 Nf6 2. c4 e6 3. Nc3 c5 4. g3 b6 5. Bg2 Bb7 6. O-O Be7 7. b3 d6 8. Bb2
Nbd7 9. e3 O-O 10. Qe2 Qc7 11. Rfd1 a6 12. Rac1 Rfe8 13. d4 Ne4 14. Nxe4 Bxe4
15. Ne1 Bxg2 16. Nxg2 cxd4 17. exd4 Qb7 18. Ne3 Rac8 19. Ba3 Bf8 20. d5 e5 21.
h4 g6 22. h5 f5 23. hxg6 hxg6 24. Kg2 Nf6 25. Rh1 Qd7 26. Rh4 Bg7 27. Rch1 g5
28. Rh5 f4 29. Rxg5 fxe3 30. Qxe3 Rf8 31. Rh4 Nh7 32. Rgh5 Nf6 33. Rg5 Nh7 34.
Rgh5 1/2-1/2

[Event "44th Biel Chess Festival"]
[Site "Biel SUI"]
[Date "2011.07.25"]
[Round "6"]
[White "Carlsen, Magnus"]
[Black "Pelletier, Yannick"]
[Result "1-0"]
[WhiteElo "2821"]
[BlackElo "2590"]
[PlyCount "83"]
[EventDate "2011.07.18"]

1. e4 e6 2. d4 d5 3. Nc3 dxe4 4. Nxe4 Nd7 5. g3 Be7 6. Bg2 Ngf6 7. Nc3 O-O 8.
Nf3 Nd5 9. Qd3 Nb4 10. Qd2 c5 11. O-O cxd4 12. Nxd4 Nb6 13. a3 e5 14. axb4 exd4
15. Nb5 Bf6 16. Rd1 Bg4 17. f3 Bf5 18. g4 a6 19. Nxd4 Bxd4+ 20. Qxd4 Bxc2 21.
Qxd8 Raxd8 22. Rxd8 Rxd8 23. f4 Rd7 24. b5 Rd1+ 25. Kf2 axb5 26. Bxb7 f5 27.
Bf3 Rd8 28. Ra5 fxg4 29. Bxg4 Bd3 30. Be6+ Kh8 31. b3 h6 32. Bb2 Nd5 33. Ra7
Nf6 34. Rf7 Rd6 35. f5 Bc2 36. Rf8+ Kh7 37. Bxf6 gxf6 38. Rxf6 Rd2+ 39. Ke3
Rd3+ 40. Ke2 h5 41. Rf7+ Kh6 42. Rc7 1-0

[Event "44th Biel Chess Festival"]
[Site "Biel SUI"]
[Date "2011.07.25"]
[Round "6"]
[White "Morozevich, Alexander"]
[Black "Shirov, Alexei"]
[Result "1/2-1/2"]
[WhiteElo "2694"]
[BlackElo "2714"]
[PlyCount "80"]
[EventDate "2011.07.18"]

1. d4 Nf6 2. c4 e6 3. Nc3 Bb4 4. Qc2 O-O 5. a3 Bxc3+ 6. Qxc3 d5 7. Bg5 c5 8.
dxc5 d4 9. Qc2 Nbd7 10. b4 h6 11. Bd2 a5 12. Rd1 axb4 13. axb4 e5 14. Nf3 Re8
15. g3 e4 16. Nxd4 Ne5 17. Qc3 Nfg4 18. Be3 Nxe3 19. fxe3 Qg5 20. Bg2 Nd3+ 21.
exd3 Qxe3+ 22. Kf1 Bh3 23. Qb2 Bg4 24. Re1 Qxd3+ 25. Kg1 Rad8 26. Nb5 e3 27. h3
e2 28. Kh2 Qe3 29. Nd6 Qf2 30. Nxe8 Rxe8 31. Qd2 Bf3 32. Rhg1 Re3 33. b5 f5 34.
Qd4 Be4 35. Qxe3 Qxe3 36. Bxe4 Qxe4 37. c6 bxc6 38. bxc6 f4 39. c7 fxg3+ 40.
Rxg3 Qxc4 1/2-1/2

[Event "39th Dortmund Chess Meeting"]
[Site "Dortmund GER"]
[Date "2011.07.25"]
[Round "5"]
[White "Kramnik, Vladimir"]
[Black "Giri, Anish"]
[Result "1-0"]
[WhiteElo "2781"]
[BlackElo "2701"]
[PlyCount "87"]
[EventDate "2011.07.21"]

1. d4 Nf6 2. c4 g6 3. Nc3 d5 4. cxd5 Nxd5 5. e4 Nxc3 6. bxc3 Bg7 7. Be3 c5 8.
Qd2 Qa5 9. Rc1 cxd4 10. cxd4 Qxd2+ 11. Bxd2 O-O 12. Nf3 e6 13. h4 Nc6 14. e5
Bd7 15. Rb1 b6 16. h5 Ne7 17. hxg6 fxg6 18. Bc4 Rac8 19. Bb3 Nd5 20. Ng5 h6 21.
Ne4 g5 22. Nd6 Rc7 23. Ke2 Rd8 24. Rh3 Bc6 25. Rbh1 Rf8 26. Rc1 Bd7 27. Rxc7
Nxc7 28. Rc3 Na6 29. g3 Rd8 30. f4 Bf8 31. f5 Bxd6 32. exd6 Bb5+ 33. Ke3 Rxd6
34. fxe6 Kf8 35. Rc8+ Ke7 36. d5 Rd8 37. Rxd8 Kxd8 38. d6 Nc5 39. Bd5 Bd7 40.
exd7 Kxd7 41. Kd4 Kxd6 42. Bb4 a5 43. Bxc5+ bxc5+ 44. Ke4 1-0

[Event "39th Dortmund Chess Meeting"]
[Site "Dortmund GER"]
[Date "2011.07.25"]
[Round "5"]
[White "Le Quang Liem"]
[Black "Ponomariov, Ruslan"]
[Result "1-0"]
[WhiteElo "2715"]
[BlackElo "2764"]
[PlyCount "141"]
[EventDate "2011.07.21"]

1. d4 Nf6 2. c4 e6 3. Nf3 d5 4. Nc3 Nbd7 5. cxd5 exd5 6. Bf4 c6 7. Qc2 Nh5 8.
Bd2 Nhf6 9. Bf4 Nh5 10. Bg5 Be7 11. Bxe7 Qxe7 12. e3 Nb6 13. Ne5 g6 14. O-O-O
Bf5 15. Qe2 Nf6 16. g4 Be6 17. f3 O-O-O 18. h4 Nfd7 19. Nd3 Rhe8 20. Bg2 f6 21.
Qf2 Qd6 22. Kb1 Kb8 23. Ka1 h6 24. Rhg1 Bf7 25. g5 hxg5 26. hxg5 f5 27. e4 dxe4
28. fxe4 Ka8 29. Nc5 Nc4 30. Nb3 Qb4 31. d5 Qb6 32. Qxb6 Ndxb6 33. dxc6 Rxd1+
34. Nxd1 fxe4 35. cxb7+ Kb8 36. Nc3 Re5 37. Bxe4 Nd6 38. Nd4 Rc5 39. Rf1 Nxe4
40. Nxe4 Rc4 41. Rd1 Bd5 42. Nd6 Rc7 43. Rf1 Bxb7 44. Rf8+ Nc8 45. b4 Rd7 46.
Nc6+ Kc7 47. Nxb7 Kxb7 48. Rf6 Rd6 49. Ne5 Rd5 50. Nf3 Rd3 51. Kb2 Nb6 52. Ne5
Rd5 53. Nf7 a5 54. bxa5 Rb5+ 55. Ka1 Rxa5 56. Rxg6 Rc5 57. Kb2 Rb5+ 58. Kc3 Ra5
59. Nd6+ Kc7 60. Kb3 Rd5 61. Ne8+ Kb7 62. Rg7+ Kc6 63. Rc7+ Kb5 64. g6 Rg5 65.
Nd6+ Ka6 66. g7 Rg3+ 67. Kc2 Nd5 68. Rf7 Rg2+ 69. Kb3 Ne3 70. Ne8 Rg3 71. Rf3
1-0

[Event "Lake Sevan 2011"]
[Site "?"]
[Date "2011.07.24"]
[Round "3"]
[White "Pashikian, Arman"]
[Black "Jobava, Baadur"]
[Result "1-0"]
[WhiteElo "2616"]
[BlackElo "2713"]
[PlyCount "57"]
[EventDate "2011.??.??"]

1. d4 d6 2. Nf3 Nf6 3. c4 g6 4. Nc3 Bg7 5. e4 O-O 6. h3 Na6 7. Bg5 Qe8 8. g4 c5
9. Be2 cxd4 10. Nxd4 Nc5 11. f3 Bd7 12. Qd2 Qb8 13. h4 Rc8 14. h5 Ne6 15. Be3
Nxd4 16. Bxd4 Be6 17. hxg6 hxg6 18. g5 Nh5 19. f4 Ng3 20. Bxg7 Kxg7 21. Qd4+ f6
22. gxf6+ exf6 23. Rg1 Nxe2 24. Kxe2 Rxc4 25. Rxg6+ Kxg6 26. f5+ Kg7 27. Rg1+
Kf8 28. Qxf6+ Bf7 29. Rh1 1-0

[Event "Lake Sevan 2011"]
[Site "?"]
[Date "2011.07.25"]
[Round "4"]
[White "Jobava, Baadur"]
[Black "Zhou, Jianchao"]
[Result "1/2-1/2"]
[WhiteElo "2713"]
[BlackElo "2636"]
[PlyCount "44"]
[EventDate "2011.??.??"]

1. e4 e5 2. Nf3 Nc6 3. Bc4 Bc5 4. c3 Nf6 5. b4 Bb6 6. d3 d6 7. a4 a5 8. b5 Ne7
9. O-O O-O 10. Nbd2 Ng6 11. Ba2 Bg4 12. h3 Bh5 13. g3 d5 14. Ba3 dxe4 15. dxe4
Bxf3 16. Nxf3 Nxe4 17. Bxf8 Qxf8 18. Qd3 Nxg3 19. Ng5 Nxf1 20. Nxf7 e4 21. Qxe4
Ng3 22. Qf3 Qe7 1/2-1/2

[Event "World Team Championship"]
[Site "Ningbo CHN"]
[Date "2011.07.26"]
[Round "9"]
[White "Harikrishna, Pentala"]
[Black "Grischuk, Alexander"]
[Result "0-1"]
[WhiteElo "2669"]
[BlackElo "2746"]
[PlyCount "92"]
[EventDate "2011.07.17"]

1. d4 Nf6 2. c4 g6 3. Nc3 d5 4. Bg5 Ne4 5. Bh4 Nxc3 6. bxc3 dxc4 7. e3 Be6 8.
Be2 Bg7 9. Nf3 Nd7 10. O-O Nb6 11. Nd2 O-O 12. Rb1 c5 13. Bf3 Bf5 14. Rc1 Bd3
15. Re1 Qc7 16. Bg3 e5 17. a4 a5 18. Be4 Bxe4 19. Nxe4 cxd4 20. cxd4 Qc6 21.
Nc3 Rad8 22. Nb5 exd4 23. exd4 Bh6 24. f4 Rd5 25. Nc3 Rd7 26. Re2 Bg7 27. Rd2
Nd5 28. Nxd5 Qxd5 29. Bf2 Rc8 30. Qe1 h5 31. h3 Kh7 32. Qe3 Rc6 33. Rdd1 Rb6
34. Qe2 Rb4 35. Qc2 Bh6 36. Be3 Rb3 37. Qf2 Re7 38. Bd2 Rd3 39. Bc3 Rde3 40.
Re1 R3e4 41. Rxe4 Rxe4 42. Rb1 Rxf4 43. Qb2 Bg7 44. Rd1 Re4 45. Qb5 Qxb5 46.
axb5 b6 0-1

[Event "World Team Championship"]
[Site "Ningbo CHN"]
[Date "2011.07.26"]
[Round "9"]
[White "Nepomniachtchi, Ian"]
[Black "Sasikiran, Krishnan"]
[Result "0-1"]
[WhiteElo "2711"]
[BlackElo "2681"]
[PlyCount "148"]
[EventDate "2011.07.17"]

1. e4 c5 2. Nf3 d6 3. d4 cxd4 4. Nxd4 Nf6 5. Nc3 a6 6. Be3 e6 7. g4 h6 8. Bg2
Nc6 9. f3 d5 10. exd5 Nxd5 11. Nxd5 Qxd5 12. Nxc6 bxc6 13. Qe2 Qa5+ 14. c3 Be7
15. O-O O-O 16. f4 Bd7 17. Rad1 Rfd8 18. b4 Qc7 19. Qf2 Rab8 20. Bd4 Be8 21. a3
Bd6 22. Qe3 a5 23. Rde1 axb4 24. cxb4 Rb5 25. Rc1 h5 26. gxh5 e5 27. fxe5 Bxe5
28. Bxe5 Rxe5 29. Qg3 Qa7+ 30. Kh1 Rxh5 31. Rc4 c5 32. Rg4 g6 33. Rg5 Rxg5 34.
Qxg5 Rd3 35. bxc5 Rxa3 36. Qe5 Bb5 37. Rg1 Qd7 38. Rb1 Rd3 39. h3 Kh7 40. Rb4
f6 41. Rh4+ Kg7 42. Qb8 Qe8 43. Qc7+ Rd7 44. Qg3 Bc6 45. Rg4 Bxg2+ 46. Qxg2
Rd1+ 47. Kh2 Qe5+ 48. Rg3 Rd3 49. h4 Re3 50. Qh3 Kh6 51. Qg4 Rxg3 52. Qxg3 Qxc5
53. Qf4+ Kg7 54. Qf3 Qe5+ 55. Kh3 Kh6 56. Qa8 Qc3+ 57. Kg2 Kh5 58. Qe4 Qe5 59.
Qc4 f5 60. Qf7 Qe4+ 61. Kg1 Qe1+ 62. Kg2 Qe4+ 63. Kg1 f4 64. Qh7+ Kg4 65. h5
Qe3+ 66. Kh1 Qe1+ 67. Kh2 Qf2+ 68. Kh1 Qf1+ 69. Kh2 Qh3+ 70. Kg1 Qxh5 71. Qd7+
Kh4 72. Qc7 Qd1+ 73. Kh2 Qd2+ 74. Kg1 Kg3 0-1

[Event "World Team Championship"]
[Site "Ningbo CHN"]
[Date "2011.07.26"]
[Round "9"]
[White "Ganguly, Surya Shekhar"]
[Black "Svidler, Peter"]
[Result "1-0"]
[WhiteElo "2627"]
[BlackElo "2739"]
[PlyCount "47"]
[EventDate "2011.07.17"]

1. e4 g6 2. d4 Bg7 3. Nc3 d6 4. Be3 a6 5. Qd2 Nd7 6. O-O-O b5 7. h4 h6 8. f4 h5
9. Nf3 Bb7 10. Ng5 Nh6 11. e5 Nb6 12. Bd3 Qc8 13. Rhf1 Nd5 14. Nce4 O-O 15. f5
Nxf5 16. Rxf5 gxf5 17. Ng3 Nxe3 18. Qxe3 f4 19. Bh7+ Kh8 20. Qd3 dxe5 21. dxe5
f6 22. Bg8 f5 23. Be6 Qe8 24. Bxf5 1-0

[Event "World Team Championship"]
[Site "Ningbo CHN"]
[Date "2011.07.26"]
[Round "9"]
[White "Vitiugov, Nikita"]
[Black "Negi, Parimarjan"]
[Result "1/2-1/2"]
[WhiteElo "2733"]
[BlackElo "2642"]
[PlyCount "89"]
[EventDate "2011.07.17"]

1. d4 d5 2. c4 c6 3. Nf3 Nf6 4. Qb3 dxc4 5. Qxc4 Bf5 6. g3 e6 7. Bg2 Be7 8. O-O
O-O 9. Rd1 Nbd7 10. e3 Qc7 11. Nc3 Ne4 12. Ne1 Nxc3 13. bxc3 e5 14. Qe2 Nb6 15.
e4 Be6 16. Nf3 f6 17. h4 Rad8 18. h5 h6 19. Nh4 Rfe8 20. Be3 Ba3 21. d5 Bd7 22.
c4 cxd5 23. Bxb6 axb6 24. cxd5 Rc8 25. Kh2 Qc4 26. Qf3 Qc3 27. Qxc3 Rxc3 28.
Bh3 Bxh3 29. Kxh3 Rc2 30. f3 Bc5 31. Nf5 Ra8 32. a4 Rc4 33. d6 Kf7 34. Rd5 Rc3
35. Kg4 Rd8 36. a5 Rd7 37. axb6 Bxb6 38. Ra8 Rc6 39. Rb5 Bc5 40. Ne7 Rcxd6 41.
Ng6 b6 42. Rf8+ Ke6 43. Re8+ Kf7 44. Rf8+ Ke6 45. Re8+ 1/2-1/2

[Event "World Team Championship"]
[Site "Ningbo CHN"]
[Date "2011.07.26"]
[Round "9"]
[White "Wang Yue"]
[Black "Almasi, Zoltan"]
[Result "1-0"]
[WhiteElo "2709"]
[BlackElo "2726"]
[PlyCount "105"]
[EventDate "2011.07.17"]

1. Nf3 Nf6 2. c4 e6 3. g3 d5 4. Bg2 dxc4 5. Qa4+ c6 6. Qxc4 b5 7. Qc2 Bb7 8.
O-O Nbd7 9. a4 Rc8 10. d4 Be7 11. Bg5 O-O 12. Ne5 h6 13. Bxf6 Bxf6 14. Rd1 Bxe5
15. dxe5 Qe7 16. Nc3 Nxe5 17. Ne4 Rcd8 18. Qc5 Qxc5 19. Nxc5 Bc8 20. a5 g5 21.
h3 Kg7 22. e3 Kf6 23. b3 Ke7 24. f4 Nd7 25. Nd3 gxf4 26. exf4 Rg8 27. Kf2 Nb8
28. Rac1 Rd6 29. Bf3 Rgd8 30. Ke3 f6 31. g4 Na6 32. Bxc6 Nc7 33. b4 Na6 34. Ke2
Rd4 35. Bxb5 Re4+ 36. Kf3 Red4 37. Ke2 Re4+ 38. Kf3 Red4 39. Rxc8 Rxc8 40. Bxa6
Rc6 41. Ke3 Rdd6 42. Bb7 Rc4 43. b5 Ra4 44. a6 Ra3 45. Bc6 Rd8 46. Rd2 Kd6 47.
Ke2 Kc7 48. Nc5 Rxd2+ 49. Kxd2 e5 50. fxe5 fxe5 51. Nd3 Kd6 52. Ke3 Ra4 53. Kf3
1-0

[Event "World Team Championship"]
[Site "Ningbo CHN"]
[Date "2011.07.26"]
[Round "9"]
[White "Polgar, Judit"]
[Black "Li Chao2"]
[Result "0-1"]
[WhiteElo "2699"]
[BlackElo "2669"]
[PlyCount "116"]
[EventDate "2011.07.17"]

1. e4 e5 2. Nf3 Nf6 3. Nxe5 d6 4. Nf3 Nxe4 5. d4 d5 6. Bd3 Nc6 7. O-O Be7 8.
Nc3 Nxc3 9. bxc3 Bg4 10. Re1 O-O 11. Rb1 Rb8 12. h3 Bh5 13. Bf5 a6 14. Qd3 Bg6
15. Bxg6 hxg6 16. c4 dxc4 17. Qxc4 Bf6 18. c3 Qd7 19. a4 Na5 20. Qb4 b6 21. Bg5
Rfe8 22. Bxf6 gxf6 23. c4 Rxe1+ 24. Rxe1 Re8 25. Rxe8+ Qxe8 26. c5 Qc6 27. Nd2
Qe6 28. cxb6 Qe1+ 29. Kh2 cxb6 30. Kg3 Kg7 31. Qc3 Qe6 32. Qb4 Qe1 33. Qc3 Qe7
34. f4 Qd7 35. Qd3 Nc6 36. Qxa6 Nxd4 37. Nf3 Nf5+ 38. Kf2 Qc7 39. Qb5 Qc2+ 40.
Qe2 Qc5+ 41. Ke1 Qc1+ 42. Qd1 Qe3+ 43. Qe2 Qxf4 44. Qb2 Qe3+ 45. Kd1 Qe4 46.
Qa2 Ne3+ 47. Kc1 Qd3 48. Qd2 Qa3+ 49. Kb1 Qb3+ 50. Kc1 Nc4 51. Qc2 Qb4 52. Qa2
Qc3+ 53. Kd1 Ne3+ 54. Ke2 Nxg2 55. Nd2 Nf4+ 56. Kd1 Nd3 57. h4 Nb2+ 58. Ke2
Qd3+ 0-1

[Event "World Team Championship"]
[Site "Ningbo CHN"]
[Date "2011.07.26"]
[Round "9"]
[White "Radjabov, Teimour"]
[Black "Adly, Ahmed"]
[Result "1-0"]
[WhiteElo "2744"]
[BlackElo "2631"]
[PlyCount "75"]
[EventDate "2011.07.17"]

1. d4 d5 2. c4 e6 3. Nc3 Nf6 4. Nf3 c6 5. Bg5 Nbd7 6. cxd5 exd5 7. e3 Be7 8.
Qc2 O-O 9. Bd3 Re8 10. O-O Nf8 11. Rae1 Be6 12. a3 N6d7 13. Bxe7 Qxe7 14. h3
Qd6 15. Na4 f6 16. Nh4 Re7 17. b4 a5 18. Nc5 axb4 19. axb4 b6 20. Nxe6 Rxe6 21.
b5 c5 22. Nf5 Qc7 23. e4 Rae8 24. Rd1 dxe4 25. Bc4 Qf4 26. Ne3 f5 27. Qa2 g6
28. Bxe6+ Nxe6 29. Nd5 Qb8 30. dxc5 Ndxc5 31. Nf6+ Kg7 32. Nxe8+ Qxe8 33. Qa7+
Kh6 34. Qxb6 Qe7 35. Qd6 Qg5 36. h4 Qf6 37. Rd5 Nd3 38. Rxd3 1-0

[Event "World Team Championship"]
[Site "Ningbo CHN"]
[Date "2011.07.26"]
[Round "9"]
[White "Amin, Bassem"]
[Black "Gashimov, Vugar"]
[Result "0-1"]
[WhiteElo "2609"]
[BlackElo "2760"]
[PlyCount "55"]
[EventDate "2011.07.17"]

1. e4 g6 2. d4 Bg7 3. Nc3 c6 4. Be3 d5 5. f3 dxe4 6. fxe4 e5 7. dxe5 Qa5 8. Nf3
Be6 9. Ng5 Bxe5 10. Nxe6 fxe6 11. Qd2 Qb4 12. O-O-O Qe7 13. Bc4 Nd7 14. Rhf1
Ngf6 15. Ne2 b5 16. Bb3 c5 17. c4 O-O 18. cxb5 a6 19. b6 Rab8 20. Nf4 c4 21.
Bc2 Nxb6 22. Qa5 Bxb2+ 23. Kd2 e5 24. Nd5 Nbxd5 25. exd5 Bd4 26. Qxa6 Qb4+ 27.
Ke2 Qc3 28. Qe6+ 0-1

[Event "World Team Championship"]
[Site "Ningbo CHN"]
[Date "2011.07.26"]
[Round "9"]
[White "Mamedyarov, Shakhriyar"]
[Black "Shoker, Samy"]
[Result "0-1"]
[WhiteElo "2765"]
[BlackElo "2475"]
[PlyCount "98"]
[EventDate "2011.07.17"]

1. e4 d6 2. d4 Nf6 3. Nc3 g6 4. Be3 c6 5. h3 Nbd7 6. f4 b5 7. Qf3 e5 8. dxe5
dxe5 9. O-O-O Qe7 10. g4 b4 11. Nb1 exf4 12. Bxf4 Ne5 13. Qg3 Bg7 14. Nd2 Nfd7
15. Ngf3 O-O 16. Nc4 Nxf3 17. Qxf3 Ne5 18. Qe3 Re8 19. Nxe5 Bxe5 20. Bg2 a5 21.
Bxe5 Qxe5 22. Qd4 Qg5+ 23. Qd2 Qxd2+ 24. Kxd2 Be6 25. a4 Rad8+ 26. Ke3 Kg7 27.
Rd3 Kf6 28. Rhd1 Rxd3+ 29. cxd3 c5 30. Rc1 Rc8 31. Bf3 g5 32. Bd1 Ke5 33. Rxc5+
Rxc5 34. d4+ Kd6 35. dxc5+ Kxc5 36. b3 f6 37. Bc2 h6 38. Bd1 Bf7 39. Kd3 Be6
40. Ke3 Bd7 41. Be2 Be8 42. Bd1 Bf7 43. Kd3 Bg6 44. Ke3 Kd6 45. Kd4 Bf7 46. Kd3
Ke5 47. Ke3 Bg6 48. Bf3 Bh7 49. Kd3 Kf4 0-1

[Event "World Team Championship"]
[Site "Ningbo CHN"]
[Date "2011.07.26"]
[Round "9"]
[White "Movsesian, Sergei"]
[Black "Eljanov, Pavel"]
[Result "1/2-1/2"]
[WhiteElo "2700"]
[BlackElo "2697"]
[PlyCount "70"]
[EventDate "2011.07.17"]

1. c4 Nf6 2. Nc3 e5 3. Nf3 Nc6 4. g3 Bb4 5. Bg2 O-O 6. O-O d6 7. d3 h6 8. Na4
a5 9. b3 Re8 10. Bb2 Bc5 11. e3 Ba7 12. Nc3 Bf5 13. h3 Nb4 14. Ne1 c6 15. a3
Na6 16. Nf3 Nc5 17. e4 Bd7 18. b4 Ne6 19. Ne2 Ng5 20. Nxg5 hxg5 21. Qd2 g4 22.
h4 Bb6 23. Bc3 Be6 24. Qb2 Nd7 25. Bd2 Qc7 26. Rfc1 Qd8 27. Qc3 Qf6 28. Be3
Bxe3 29. fxe3 axb4 30. axb4 Qe7 31. Rxa8 Rxa8 32. Ra1 Qd8 33. Kf2 c5 34. b5 Nb6
35. Ra3 Rxa3 1/2-1/2